| 000 | 00436nam a2200181Ia 4500 | ||
|---|---|---|---|
| 001 | 2908 | ||
| 005 | 20260306144841.0 | ||
| 008 | 260306t1990||||xx |||||||||||||| ||spa|| | ||
| 041 | _aESP | ||
| 082 |
_a232.91 _bD98 1990 |
||
| 100 |
_aDurand, Ricardo _eAUT |
||
| 245 | 0 |
_aMaría: _breflexiones para el mundo actual |
|
| 260 | _c1990 | ||
| 300 |
_a80 páginas : _c19 cm. |
||
| 650 | _aGEN | ||
| 654 | _aCHU | ||
| 942 |
_cLIB _dJUS _fJUS _2ddc _n |
||
| 999 |
_c2908 _d2908 |
||